000 00559cam a22001937a 4500
001 001450
003 armpunfd
005 20140612090640.0
008 040225e0####xx#a##########000#0#und#d
040 _aarmpunfd
_carmpunfd
080 _a35 CH 973
100 1 0 _a Cholvis, Francisco
245 1 0 _aNociones de derecho administrativo y legislacion fiscal
260 _a Uenos Aires : Editorial Codex
_b1963. 167 P.
650 7 _a Derecho Administrativo
_2LEMB
650 7 _a Legislacion Fiscal
_2LEMB
942 _cLB
_2cdu
945 _aCatalis
_d2010-08-19
999 _c1441
_d231945